Les 218 CLUBS représentés à l'Euro 2024 ! - Statistiques

Statistiques générales
  • Ce quiz a été pris 203 fois
    158 depuis la dernière actualisation
  • Le résultat moyen est 71 sur 218
Statistiques - réponses
Pays Club % Correct
Allemagne Bayern Munich 11
94%
Allemagne Borussia Dortmund 6
92%
France Paris SG 12
91%
France Olympique de Marseille 1
87%
Angleterre Manchester City 13
86%
Espagne Real Madrid 12
86%
France Olympique Lyonnais 1
85%
Angleterre Manchester United 8
84%
Espagne FC Barcelone 11
83%
Angleterre Liverpool 9
83%
Angleterre Arsenal 10
82%
Allemagne Bayer Leverkusen 10
82%
Italie Inter Milan 13
80%
Italie AC Milan 8
78%
France Stade Rennais 3
76%
Angleterre Chelsea 6
75%
Portugal FC Porto 3
75%
France AS Monaco 3
74%
Italie Juventus 9
74%
Allemagne RB Leipzig 11
74%
Espagne Atletico Madrid 7
73%
France LOSC Lille 1
73%
France RC Lens 3
73%
Portugal Benfica 5
72%
Angleterre Aston Villa 4
71%
Pays-Bas Ajax Amsterdam 5
68%
Écosse Celtic Glasgow 4
66%
Espagne FC Séville 3
66%
Italie Napoli 6
64%
Angleterre West Ham 4
64%
Italie AS Rome 9
63%
Angleterre Tottenham 4
63%
France D2 Girondins de Bordeaux 2
62%
Écosse Glasgow Rangers 1
62%
Portugal Sporting CP 2
62%
France Toulouse 1
61%
Belgique Club Bruges 3
60%
Pays-Bas Feyenoord Rotterdam 7
60%
Pays-Bas PSV Eindhoven 3
60%
France OGC Nice 1
58%
Espagne Valence 2
58%
Arabie Saoudite Al-Nassr 3
57%
France FC Metz 1
57%
Arabie Saoudite Al-Ahli 1
56%
Belgique Anderlecht 6
55%
Angleterre Brighton 5
55%
Allemagne VfB Stuttgart 5
55%
Croatie Dinamo Zagreb 3
54%
Angleterre Everton 3
54%
Italie Lazio Rome 2
53%
Italie Atalanta Bergame 4
52%
Angleterre Crystal Palace 5
52%
Turquie Galatasaray 4
52%
Espagne Real Betis 1
52%
Espagne Real Sociedad 6
52%
Ukraine Dynamo Kiev 6
51%
Espagne Atheltic Club Bilbao 3
50%
Italie Bologne 8
50%
Angleterre D2 Leicester 4
50%
Autriche Red Bull Salzbourg 4
49%
Grèce AEK Athènes 4
48%
Allemagne Eintracht Francfort 1
48%
France FC Lorient 1
48%
Espagne Girona 3
48%
Espagne Villarreal 1
48%
Allemagne Union Berlin 3
47%
Allemagne VfL Wolfsburg 8
47%
Arabie Saoudite Al-Hilal 3
46%
Angleterre Newcastle 4
46%
Danemark FC Copenhague 2
44%
Turquie Fenerbahçe 7
44%
Allemagne Werder Brême 2
44%
Angleterre Wolverhampton 3
44%
Arabie Saoudite Al-Ittihad 1
43%
Chypre APOEL Nicosie 3
43%
Serbie Étoile Rouge de Belgrade 2
43%
Allemagne FC Cologne 1
43%
Italie Fiorentina 2
43%
Tchéquie Sparta Prague 6
43%
Suisse FC Bâle 1
42%
France Le Havre 1
42%
Ukraine Shaktar Donetsk 7
42%
Belgique KRC Genk 1
41%
Angleterre D2 Leeds United 1
40%
Allemagne Borussia Mönchengladbach 2
39%
Allemagne D2 Hambourg 1
39%
Angleterre D2 Southampton 3
39%
Turquie Beşiktaş 4
38%
Italie Genoa 2
38%
Angleterre Burnley 2
37%
Allemagne Hoffenheim 6
37%
Angleterre Nottingham Forest 1
37%
Grèce Panathinaikos 5
37%
Roumanie FCSB 4
36%
Angleterre Fulham 4
36%
Suisse Grasshopper Zurich 1
36%
Autriche Rapid Vienne 4
36%
Angleterre Brentford 7
35%
Belgique Union Saint-Gilloise 1
35%
Angleterre Luton Town 1
33%
Grèce PAOK Salonique 1
33%
Italie D2 Parme 3
33%
Italie Torino 6
33%
Tchéquie Slavia Prague 9
32%
Allemagne SC Fribourg 4
30%
Italie US Sassuolo 3
30%
Allemagne D2 Hertha Berlin 2
29%
Italie D2 Palermo 1
29%
Angleterre Bournemouth 3
28%
Italie Hellas Verone 5
28%
Allemagne Mayence 05 2
28%
Azerbaïdjan Qarabag 1
28%
Italie Cagliari 1
27%
Hongrie Ferencváros 3
27%
Russie Lokomotiv Moscou 1
27%
Chypre Omonia Nicosie 1
27%
Espagne RCD Majorque 1
27%
Italie D2 Sampdoria 1
27%
Suisse Servette FC 1
26%
Italie Udinese 3
26%
Croatie Hadjuk Split 2
24%
Espagne Osasuna 1
24%
Allemagne Augsbourg 1
23%
Hongrie MTK Budapest 1
23%
Slovaquie Slovan Bratislava 3
23%
Autriche Sturm Graz 5
23%
Espagne Getafe 1
22%
Angleterre D2 Norwich 3
22%
Russie Spartak Moscou 1
22%
Turquie Trabzonspor 2
22%
Autriche LASK Linz 1
21%
Espagne D2 Levante 1
20%
Allemagne VfL Bochum 1
19%
Etats-Unis Chicago Fire 1
18%
Roumanie CRF Cluj 3
18%
Écosse Hearts of Midlothian 2
18%
Bulgarie Ludogorets Razgrad 2
18%
Espagne Rayo Vallecano 2
18%
Angleterre D2 Watford 2
18%
Norvège Bodø/Glimt 1
17%
Turquie Basaksehir 1
16%
Pologne Cracovia 1
16%
Pologne Lech Poznań 3
16%
Italie US Lecce 3
16%
Arabie Saoudite Al-Ettifaq 2
15%
Italie FC Empoli 5
15%
Portugal Boavista 1
14%
Italie Salernitana 1
14%
Allemagne SV Darmstadt 1
14%
Tchéquie Viktoria Plzen 4
14%
Etats-Unis Atlanta United 2
12%
Italie D2 Bari 1
12%
Danemark Bröndby 1
12%
Suisse FC Lucerne 1
12%
Slovénie Olimpia Ljubljana 1
12%
Angleterre D2 West Bromwich Albion 1
12%
Suisse FC Lugano 2
11%
Italie D2 Pisa SC 2
11%
Italie D2 Spezia Calcio 1
11%
Espagne Deportivo Alavés 1
10%
Portugal Famalicão 1
10%
Angleterre D2 Bristol City 3
9%
Allemagne D2 FC Kaiserslautern 1
9%
Slovénie Maribor 1
9%
Arabie Saoudite Al-Shabab 1
8%
Turquie Antalyaspor 1
8%
Russie Rubin Kazan 1
8%
Ukraine SK Dnipro-1 1
8%
Géorgie Dinamo Tbilisi 1
7%
Etats-Unis Orlando City 1
6%
Croatie HNK Rijeka 3
5%
Etats-Unis New York Red Bulls 1
5%
Tchéquie Banik Ostrava 1
4%
Turquie Sivasspor 1
4%
Tchéquie Slovan Liberec 1
4%
Corée du Sud Ulsan 1
4%
Italie D2 AS Cittadella 1
3%
Italie D2 Ascoli 1
3%
Turquie Gaziantep 3
3%
Allemagne D2 Karlsruhe 1
3%
Turquie Konyaspor 1
3%
Écosse Motherwell 1
3%
Etats-Unis Philadelphia Union 1
3%
Roumanie Universtatea Craiova 2
3%
Italie D2 US Cremonese 1
3%
Turquie Alanyaspor 1
2%
Pologne Jagiellonia Bialystok 1
2%
Pologne Raków Częstochowa 1
2%
Hongrie Újpest FC 1
2%
Serbie Backa Topola 1
1%
Angleterre D3 Barnsley 1
1%
Arabie Saoudite Damac FC 1
1%
Géorgie Dinamo Batumi 1
1%
Pologne Pogoń Szczecin 1
1%
Hongrie Fehérvár FC 1
1%
Russie FK Sochi 1
1%
Etats-Unis New England Revolution 1
1%
Slovénie NK Celje 1
1%
Hongrie Paksi FC 1
1%
Chypre Paphos 2
1%
Iran Persepolis FC 1
1%
Hongrie Puskás Akadémia 1
1%
Slovaquie Spartak Trnava 2
1%
Autriche TSV Hartberg 1
1%
Belgique Westerlo 1
1%
Autriche Wolfsberger 1
1%
Arabie Saoudite Al-Okhdood 2
0%
Émirats Arabes Unis FC Baniyas 1
0%
Italie D2 FC Südtirol 1
0%
Roumanie FC Voluntari 1
0%
Pologne Gornik Zabrze 1
0%
Corée du Sud Gwangju 1
0%
Émirats Arabes Unis Hatta Club 1
0%
Hongrie Kecskeméti 1
0%
Qatar Muaither SC 1
0%
Grèce Panetolikos 2
0%
Ukraine Polissya Zhytomyr 1
0%
Danemark Vejle Boldklub 1
0%
Aucun quiz correspondant
Distribution des résultats
% des personnes avec chaque résultat
Percentile par nombre de réponses
Votre historique - résultats
Vous n’avez pas pris ce quiz depuis la dernière actualisation